| 000 | 00587nam a2200217 a 4500 | ||
|---|---|---|---|
| 005 | 20210219153422.0 | ||
| 008 | 991125n 000 0 u | ||
| 035 | _aUPN01000097913 | ||
| 100 | _aCoffin Koch, Laura | ||
| 222 | 0 | _aJOURNAL OF DEVELOPMENTAL EDUCATION | |
| 245 | 0 | _aRevisting mathematics | |
| 300 | _a12-14,16,18 | ||
| 362 | _a16, No. 1, 1992 | ||
| 505 | _aEnero 1993 | ||
| 653 | 0 | _aINSTRUCCION MATEMATICA | |
| 653 | 0 | _aMETODOS DE ENSEĆANZA | |
| 653 | 0 | _aRELACION MAESTRO-ESTUDIANTE | |
| 653 | 0 | _aTEORIAS EDUCATIVAS | |
| 904 |
_aAC _b035724 |
||
| 905 | _aArticulo | ||
| 999 |
_c76361 _d76361 |
||